Detalles MARC
| 000 -Líder |
| Campo de control de longitud fija |
02846nam a22003257a 4500 |
| 005 - Fecha y Hora de Actualización |
| Campo de control |
20260417094925.0 |
| 008 - Longitud Fija |
| Campo de control de longitud fija |
260417b |||||||| |||| 00| 0 eng d |
| 020 ## - International Standard Book Number |
| Número Internacional Estándar del Libro |
9786073013369 |
| 040 ## - Fuente de Catalogación |
| Centro catalogador/agencia de origen |
Uniagraria |
| Idiona de catalogación |
Español |
| Norma de descripción |
rda |
| 041 ## - Idioma |
| Código de idioma del texto/banda sonora o título independiente |
Español |
| Código de idioma original |
Español |
| 110 ## - Autor Corporativo |
| Nombre de entidad corporativa |
Universidad Nacional Autónoma de México |
| Unidad subordinada |
Facultad de Medicina Veterinaria y Zootecnia |
| Término indicativo de función/relación |
Autor |
| 9 (RLIN) |
1111 |
| 245 ## - Título Propiamente Dicho |
| Título |
Técnicas y fundamentos : |
| Subtítulo |
Laboratorio de inmunología veterianria |
| Mención de responsabilidad, etc. |
Laura Codos Marín, Alejandro Benítez Guzmán |
| 250 ## - Edición |
| Mención de edición |
Primera edición |
| 264 ## - Pie de Imprenta |
| Producción, publicación, distribución, fabricación y copyright |
Cuidad de México : |
| Nombre del de productor, editor, distribuidor, fabricante |
Universidad Nacional Autónoma de México ; |
| Fecha de producción, publicación, distribución, fabricación o copyright |
2022 |
| 300 ## - Descripción Física |
| Extensión |
161 páginas |
| Ilustraciones |
Incluye fotografia, ilustraciones, cuadros |
| Dimensiones |
28 cm |
| 336 ## - Tipo de Contenido |
| Fuente |
rdacontent |
| Término de tipo de contenido |
texto |
| Código de tipo de contenido |
texto |
| 337 ## - Tipo de Mediación |
| Fuente |
rdamedia |
| Nombre/término del tipo de medio |
no mediado |
| Código del tipo de medio |
no mediado |
| 338 ## - Tipo de Portador |
| Fuente |
rdacarrier |
| Nombre/término del tipo de soporte |
volumen |
| Código del tipo de soporte |
volumen |
| 500 ## - Nota General |
| Nota General |
Incluye bibliografía, fotografías, tablas, graficas e ilustraciones. |
| 505 ## - Nota de Contenido |
| Nota de Bibliografía |
Contenido: Introducción. -- Habilidades y destrezas. -- Objetivo general. -- Reglamento general del laboratorio de prácticas de virología e inmunología. -- Práctica 1. Bioseguridad en el laboratorio de inmunología. -- Práctica 2. Diluciones. -- Práctica 3. Manejo de animales de experimentación. -- Práctica 4. Vías de inoculación y sangrado en animales de experimentación. -- Práctica 5. Mecanismos moleculares de inmunidad innata en el suero. -- Práctica 6. Precipitación. -- Práctica 7. Electroforesis e inmunoelectroforesis. -- Práctica 8. Aglutinación directa I: diagnóstico de salmonelosis aviar y pruebas cruzadas. -- Práctica 9. Aglutinación directa II. Diagnóstico serológico de brucelosis. -- Práctica 10. Prueba de fijación de complementos directa. -- Práctica 11. Inmunoensayo enzimático (ELISA) -- Práctica 12. Prueba de la tuberculina. -- Anexo I. Residuos Peligrosos Biológico-Infecciosos (RPBIS) -- Anexos II. Niveles de bioseguridad de los laboratorios. -- Anexo III. Señalización, código de colores y formas de seguridad. -- Anexo IV. Cuadros de conversión. -- Anexos V. Manejo de pipetas de precisión. |
| 520 ## - Nota de Resumen |
| Resumen, Sumario, etc. |
Obra que presenta los principios básicos y las técnicas fundamentales empleadas en el laboratorio de inmunología veterinaria. Aborda métodos diagnósticos, procedimientos experimentales y el manejo de muestras biológicas en animales, con énfasis en la aplicación práctica de pruebas inmunológicas para el estudio, prevención y control de enfermedades. Dirigida a estudiantes y profesionales de medicina veterinaria y áreas afines. |
| 598 ## - Programas Académicos |
| Programas Académicos |
Medicina Veterinaria |
| 700 ## - Coautor personal |
| Nombre de persona |
Codos Marín, Laura |
| Término indicativo de función/relación |
autor |
| 9 (RLIN) |
1112 |
| 700 ## - Coautor personal |
| Nombre de persona |
Benítez Guzmán, Alejandro |
| Término indicativo de función/relación |
autor |
| 9 (RLIN) |
1113 |
| 082 ## - Clasificación Decimal Dewey |
| Número de clasificación |
636.089607/ |
| Clave de autor |
Un58t |
| 650 #0 - Materia General |
| Topical term or geographic name entry element |
Patología - Medicina veterinaria |
| 9 (RLIN) |
1114 |
| 650 #0 - Materia General |
| Topical term or geographic name entry element |
Inmunología veterinaria |
| 9 (RLIN) |
864 |
| 650 #0 - Materia General |
| Topical term or geographic name entry element |
Veterinaria y zootecnia |
| 9 (RLIN) |
865 |
| 942 ## - Punto de Acceso Adicional Koha |
| Tipo de ítem Koha |
Libro general |
| Suprimir en OPAC |
No |